Guerra, sociología y sociología de la guerra: revisión teórica y aportes metodológicos /
Gardado en:
| Autor Principal: | |
|---|---|
| Formato: | Libro |
| Idioma: | Spanish |
| Etiquetas: |
Engadir etiqueta
Sen Etiquetas, Sexa o primeiro en etiquetar este rexistro!
|
MARC
| LEADER | 00000nam a22000007a 4500 | ||
|---|---|---|---|
| 003 | cru IIS | ||
| 005 | 20220804090324.0 | ||
| 007 | ta | ||
| 008 | 220804s2020 cr |||p|r|||| 00| 0 spa d | ||
| 040 | |c cru IIS | ||
| 100 | 1 | |9 10649 |a Gallegos, Claudio |e Autor | |
| 245 | 1 | |a Guerra, sociología y sociología de la guerra: |b revisión teórica y aportes metodológicos / |c Claudio Gallegos | |
| 300 | |a páginas 111-122 | ||
| 773 | 0 | |0 18728 |9 7625 |a Universidad de Costa Rica. |d San José, Costa Rica Editorial UCR 1959- |o 23634 |t Revista de Ciencias Sociales/ |x 04825276 | |
| 942 | |2 ddc |c PP | ||
| 999 | |c 44459 |d 44459 | ||
